مكتبة جامعة عجلون الوطنية

فهرس بحث المكتبة

Normal view MARC view
  • الاختصاص القضائي الدولي - اليمن -تنفيذ الاحكام الاجنبية

Entry Topical Term

Number of records used in: 1

001 - CONTROL NUMBER

  • control field: 47373

003 - CONTROL NUMBER IDENTIFIER

  • control field: JO-AjAnu

005 - DATE AND TIME OF LATEST TRANSACTION

  • control field: 20230606081824.0

008 - FIXED-LENGTH DATA ELEMENTS

  • fixed length control field: 230606|| aca||aabn | a|a d

040 ## - CATALOGING SOURCE

  • Original cataloging agency: JO-AjAnu
  • Transcribing agency: JO-AjAnu

150 ## - HEADING--TOPICAL TERM

  • Topical term or geographic name entry element: الاختصاص القضائي الدولي - اليمن -تنفيذ الاحكام الاجنبية

670 ## - SOURCE DATA FOUND

  • Source citation: Work cat.: (JO-AjAnu)24243: عطروش، عبد الحكيم محسن, author 47372, الاختصاص القضائي الدولي للمحاكم اليمنية وتنفيذ الأحكام الأجنبية